01140nam a2200193Ia 4500001001000000003001000010008004100020040002500061041001200086100003800098245005500136250001100191260008900202300002700291500023900318501011400557520023900671650003600910L208-2985IT-CnALBA170116s9999||||xx |||||||||||||| ||und|| aIT-CnALBAcIT-CnALBA aLATINO  aCRISOSTOMO GIOVANNI, SANTO, DOTT. 0aSANCTI JONNIS CHRYSOSTOMI OPERA OMNIA. TOMUS III.  a1a ed. a PARISIISbEX TYPIS CATHOLICIS MIGNE c1842 [1° Ed.:1842 - Ed.Ling.Originale: 1842] a434 p. (prefazione: 5) aCURATORI PADRI BENEDETTINI. OPERE: 34 OMELIE SUL NUOVO TESTAMENTO. 15 OPUSCOLI SUI MOTI DI COSTANTINOPOLI. LETTERE DI S. GIOVANNI CRISOSTOMO. SCRITTI SPURII. NOTE DI SAVILIO ENRICO E DEL DUCA FRONTONE. INDICE ANALITICO DELLA MATERIA.  aSocietà San Paolo EM - Piazza San Paolo, 14 - 12051 ALBA (CN) (non commercial uses only) ® Copyright 2017 aCURATORI PADRI BENEDETTINI. OPERE: 34 OMELIE SUL NUOVO TESTAMENTO. 15 OPUSCOLI SUI MOTI DI COSTANTINOPOLI. LETTERE DI S. GIOVANNI CRISOSTOMO. SCRITTI SPURII. NOTE DI SAVILIO ENRICO E DEL DUCA FRONTONE. INDICE ANALITICO DELLA MATERIA.  aPADRI E SCRITTORI ECCLESIASTICI